000
00239nam a2200097 a 4500
008
111125s2008|||| d
245
1
0
_a
Powiat Ropczycko-sedziszowski
260
_b
Serigraph
_a
Ropczyce
_c
2008
020
_c
100
044
_a
xo
_c
SK
999
_c
19889
_d
19889